| 000 | 00846nas a2200277 4500 | ||
|---|---|---|---|
| 001 | BR2014003415 | ||
| 003 | BR-BrBNA | ||
| 005 | 20231205124053.0 | ||
| 007 | ta | ||
| 008 | 230509b bl.|||p| |||| 00| 00por d | ||
| 040 |
_aBR-BrBNA _bpor _cBiblioteca Nacional de Agricultura |
||
| 041 | _a(Pt) | ||
| 072 | _aK10; D50 | ||
| 100 | 1 | _aBinoti, D.H.B. | |
| 100 | 1 | _aBinoti, M.L.M. da S. | |
| 100 | 1 | _aLeite, H.G. | |
| 100 | 1 | _aGleriani, J.M. | |
| 100 | 1 | _aRibeiro, C.A.A.S. | |
| 245 | 1 | _aInclusão e influência de características espaciais em modelos de regulamentação florestal | |
| 650 | _aFLORESTA | ||
| 650 | _aREGULAMENTAÇÃO | ||
| 650 | _aMANEJO FLORESTAL | ||
| 773 | 0 |
_tCerne (Brazil) _xISSN 0104-7760 _g(Jan-Mar 2014), v. 20(1) p. 157-164 _wBR2014003415 |
|
| 909 |
_a202311 _bLúcia _c55 _dLúcia Elande |
||
| 942 |
_2AGRIS _n0 _cANA |
||
| 999 |
_c237157 _d237157 |
||